000 00703nam a22001937a 4500
999 _c177875
_d177875
005 20210309120909.0
010 _aUR-11058
020 _c156.00
_a9789390533732
035 _aU-9613
037 _bDBAD/PUB
082 _a841
100 _aتر تيب و تا ليف:ہا شمی شميم
245 _aنو ا ۓ سر و ش (کليا ت مہجو ر شمسی)
_cتر تيب و تا ليف:ہا شمی شميم
246 _bNawa-e-Sarosh(Urdu)
_aEdited by Shamim Hashmi
260 _aDelhi
_c2020 ء
_bEducational Publishing House
270 _aB.O.3191,Vakil Street,Kucha Pandit,Lal Kuan,
_bDelhi
_e110006
_l-
300 _a250 ص
_c22 Cm(Hb)
942 _2ddc
_cUR
_h841
_mش م ی